Die 100 häufigsten Wörter - Statistiken

Allgemein
  • Dieses Quiz wurde 49 mal gespielt
  • Das Durchschnittsergebnis liegt bei 52 aus 100
Antwortstatistiken
Hint Antwort % Korrekt
75 sie
100%
11 da
98%
33 er
98%
13 das
95%
43 ich
95%
94 wir
95%
18 der
93%
24 du
93%
34 es
93%
47 ihr
90%
80 und
90%
20 die
85%
98 zu
85%
87 war
83%
92 wie
83%
96 wo
83%
1 aber
80%
26 ein
78%
5 an
76%
77 so
76%
4 am
73%
51 ist
73%
70 sein
73%
27 eine
71%
88 was
71%
50 in
68%
62 nicht
68%
66 oder
68%
16 den
66%
59 mit
63%
79 um
63%
3 als
61%
7 auf
61%
38 habe
61%
52 kann
61%
81 uns
61%
86 vor
59%
99 zum
59%
100 zur
59%
12 dann
56%
14 dass
56%
39 haben
56%
49 im
56%
90 wenn
56%
10 bis
54%
15 dem
54%
30 einer
54%
35 für
54%
78 über
54%
82 unter
54%
85 von
54%
17 denn
51%
19 des
51%
9 bei
49%
40 hat
49%
53 können
49%
61 nach
49%
91 werden
49%
29 einen
46%
58 mir
46%
8 aus
44%
28 einem
44%
31 eines
44%
6 auch
41%
57 mich
41%
76 sind
41%
95 wird
41%
41 hatte
39%
54 man
39%
56 meine
39%
83 viel
39%
2 alle
37%
63 noch
37%
67 ohne
37%
23 doch
34%
84 vom
34%
44 ihm
32%
48 ihre
32%
65 nur
32%
21 diese
29%
45 ihn
29%
71 seine
29%
60 muss
27%
22 dieser
24%
25 durch
24%
74 sich
24%
42 hier
22%
55 mehr
20%
69 sehr
20%
72 seiner
20%
46 ihnen
17%
68 schon
17%
37 gegen
12%
89 welche
12%
36 ganz
10%
64 nun
10%
73 selbst
10%
93 wieder
7%
97 Zeit
7%
32 einzelnen
0%
Keine übereinstimmenden Quizze gefunden
Verteilung der Resultate
Anzahl Personen mit jedem Resultat
Perzentil nach korrekt beantworteten Fragen
Ihre Resultats-Entwicklung
Sie haben dieses Quiz noch nicht gespielt